Sports Quiz

Random Sports or Football Quiz
Score 0/33 Timer 06:00
0 Plays Today
Saves Goalkeeper % Correct
4Petr Cech
93%
9Heurelho Gomes
86.6%
8Simon Mignolet
86.1%
7Joe Hart
84.6%
7Tim Howard
84.1%
4Hugo Lloris
80.8%
6David James
80.8%
7Ben Foster
76.3%
5Lukasz Fabianski
73.5%
4Jordan Pickford
73.3%
3Kasper Schmeichel
72.2%
9Robert Green
70.9%
6Brad Friedel
67.2%
3Tom Heaton
66.3%
3Pepe Reina
65.4%
5Shay Given
63.3%
3Asmir Begovic
61.7%
Saves Goalkeeper % Correct
3Michel Vorm
59.8%
7Jussi Jaaskelainen
59.4%
4Mark Schwarzer
57.2%
5Adrian
52.7%
5Artur Boruc
51.5%
6Manuel Almunia
44.7%
6Ali Al Habsi
41.8%
3Wayne Hennessey
38.4%
4Wojciech Szczesny
37.8%
3Jonas Lossl
33%
3Neil Etheridge
32.6%
5Thomas Sorensen
29.8%
3Scott Carson
29.1%
3Marcus Hahnemann
20%
3Allan McGregor
19.7%
3Brian Jensen
13.3%
Remove Ads.
Support Sporcle.
Get the best of Sporcle when you Go Orange. This ad-free experience offers more features, more stats, and more fun while also helping to support Sporcle. Thank you for becoming a member.

You're not logged in!

Compare scores with friends on all Sporcle quizzes.
OR
Log In

Show Comments

Extras

Top Quizzes Today


Score Distribution

Your Account Isn't Verified!

In order to create a playlist on Sporcle, you need to verify the email address you used during registration. Go to your Sporcle Settings to finish the process.

Report this User

Report this user for behavior that violates our Community Guidelines.

Details: